| 000 | 00618nam a22001217a 4500 | ||
|---|---|---|---|
| 999 |
_c17037 _d17037 |
||
| 008 | 180726b xxu||||| |||| 00| 0 eng d | ||
| 100 | _a Sagar, Anil agar | ||
| 245 |
_aFood and Beverage Service _cAnil Sagar |
||
| 260 |
_aNew Dheli _bA.P.H. Publishing _c2011 |
||
| 300 | _ax, 267p. | ||
| 650 | _aTable Service | ||
| 942 |
_2lcc _cBK |
||